Creative evangelism (Record no. 125348)
[ view plain ]
| 000 -LEADER | |
|---|---|
| fixed length control field | 00817nam a22002771 4500 |
| 001 - CONTROL NUMBER | |
| control field | 1706376 |
| 003 - CONTROL NUMBER IDENTIFIER | |
| control field | ARRUPE |
| 005 - DATE AND TIME OF LATEST TRANSACTION | |
| control field | 20160927093938.0 |
| 008 - FIXED-LENGTH DATA ELEMENTS--GENERAL INFORMATION | |
| fixed length control field | 710426s1968 enk b 000 0 eng |
| 010 ## - LIBRARY OF CONGRESS CONTROL NUMBER | |
| LC control number | 68098939 |
| 015 ## - NATIONAL BIBLIOGRAPHY NUMBER | |
| National bibliography number | B68-05675 |
| 020 ## - INTERNATIONAL STANDARD BOOK NUMBER | |
| International Standard Book Number | 0718813294 |
| 040 ## - CATALOGING SOURCE | |
| Original cataloging agency | DLC |
| Transcribing agency | DLC |
| Modifying agency | DLC |
| 043 ## - GEOGRAPHIC AREA CODE | |
| Geographic area code | f------ |
| 050 00 - LIBRARY OF CONGRESS CALL NUMBER | |
| Classification number | BR1360 |
| Item number | .S25 |
| 082 00 - DEWEY DECIMAL CLASSIFICATION NUMBER | |
| Classification number | 209/.6 |
| 300 ## - PHYSICAL DESCRIPTION | |
| Dimensions | 21 cm. |
| 100 1# - MAIN ENTRY--PERSONAL NAME | |
| Personal name | Sawyerr, Harry. |
| 9 (RLIN) | 26197 |
| 245 10 - TITLE STATEMENT | |
| Title | Creative evangelism |
| Remainder of title | : towards a new Christian encounter with Africa. |
| Statement of responsibility, etc | / Harry Sawyerr |
| 260 ## - PUBLICATION, DISTRIBUTION, ETC. (IMPRINT) | |
| Place of publication, distribution, etc | London, |
| Name of publisher, distributor, etc | Lutterworth |
| Date of publication, distribution, etc | 1968. |
| 300 ## - PHYSICAL DESCRIPTION | |
| Extent | 183 p.; |
| 350 ## - PRICE (NR) (BK AM CF MU VM SE) [OBSOLETE] | |
| Price | 37/6 |
| 504 ## - BIBLIOGRAPHY, ETC. NOTE | |
| Bibliography, etc | Bibliographical references included in "Notes" (p. [159]-179) |
| 650 #0 - SUBJECT ADDED ENTRY--TOPICAL TERM | |
| Topical term or geographic name as entry element | Christianity |
| Geographic subdivision | Africa. |
| 9 (RLIN) | 26198 |
| 906 ## - LOCAL DATA ELEMENT F, LDF (RLIN) | |
| a | 7 |
| b | cbc |
| c | orignew |
| d | u |
| e | opcn |
| f | 19 |
| g | y-gencatlg |
| 942 ## - ADDED ENTRY ELEMENTS (KOHA) | |
| Source of classification or shelving scheme | Library of Congress Classification |
| Koha item type | Monograph ( Printed materials) |
| Withdrawn status | Lost status | Source of classification or shelving scheme | Damaged status | Not for loan | Collection code | Home library | Current library | Shelving location | Date acquired | Total Checkouts | Full call number | Barcode | Date last seen | Price effective from | Koha item type |
|---|---|---|---|---|---|---|---|---|---|---|---|---|---|---|---|
| Library of Congress Classification | Main Collection | ARRUPE LIBRARY | ARRUPE LIBRARY | Main Collection | 27/09/2016 | BR1360 .S25 | 46500010717 | 27/09/2016 | 27/09/2016 | Monograph ( Printed materials) |